| 000 | 02733cam a22005054i 4500 | ||
|---|---|---|---|
| 003 | PE-LiUPU | ||
| 005 | 20250731184539.0 | ||
| 008 | 181226s2018 gs a r 001 0 eng | ||
| 020 | _a193704081X | ||
| 020 | _a9781937040819 | ||
| 035 | _a(Sirsi) a251197 | ||
| 049 | _aPRUA | ||
| 082 | 0 | 4 |
_a930 _bE36 _223 |
| 100 | 1 |
_aElayi, Josette, _eautor. |
|
| 245 | 1 | 4 |
_aThe history of Phoenicia / _cJosette Elayi ; translated from the French by Andrew Plummer. |
| 264 | 1 |
_aBatlanta, GA : _bLockwood Press, _c2018. |
|
| 300 |
_ax, 314 páginas : _bilustraciones ; _c23 centímetros. |
||
| 336 |
_atext _2rdacontent |
||
| 337 |
_aunmediated _2rdamedia |
||
| 338 |
_avolume _2rdacarrier |
||
| 504 | _aBibliografía: páginas 299-304. | ||
| 504 | _aÍndice: páginas 305-314. | ||
| 505 | 0 | _aPhoenicia before 1200 -- The prehistory of phoenicia (ca. 70,000-3200) -- Byblos and Egypt (3200-1500 BCE) -- The other Proto-Phoenician cities (3200-1500) -- The small vassal states of the near east (1500-1200) -- The period of phoenicia's independence (1200-883) -- The emergence of phoenicia (ca. 1200) -- Egypt's Loss of influence in phoenicia (1200-1000) -- Early assyrian exploration towards the west (1100-1000) -- Dynastic crises in byblos (1000-900) -- The development and expansion of the phoenician cities (1000-883) -- Phoenicia under assyrian domination (883-610) -- The beginnings of assyrian expansion (883-745) -- The conquest of the west by the assyrians (745-721) -- Domination of phoenicia by the sargonids (721-610) -- Phoenicia under Babylonian Domination (610-539) -- Phoenicia between Egypt and Babylonia (610-605) -- The peak of the Babylonian empire (605-562) -- The decline of the Babylonian empire (562-539) -- Phoenicia under Person (539-332) -- The establishment of the Persian empire (539-479) -- The development of the Persian empire (479-404) -- The Persian empire in turmoil (404-333) -- The fall of the Persian empire (333-330). | |
| 526 | _aP136 | ||
| 526 | _aP135 | ||
| 526 | _aP134 | ||
| 526 | _aP133 | ||
| 526 | _aP144 | ||
| 526 | _aP143 | ||
| 526 | _aP87 | ||
| 526 | _aP35 | ||
| 526 | _aP20 | ||
| 526 | _aP14 | ||
| 526 | _aP10 | ||
| 526 | _aP06 | ||
| 650 | 1 | 4 |
_aFenicios _xHistoria. |
| 650 | 2 | 4 |
_aHistoria _xAntiüedad _xGeneralidades. _2bisacsh |
| 700 | 1 |
_aPlummer, Andrew, _etraductor. |
|
| 910 |
_adbm _bsag _csag _d20181227 |
||
| 942 |
_2ddc _cBOOK |
||
| 994 |
_aC0 _bPEPRU |
||
| 596 | _a1 | ||
| 999 |
_a930 E36 _wDEWEY _c30625 _i79436 _f2021-11-11 _g3 _lCCODEBUL1 _mBUL _p32.00 _r0 _sY _tBOOK _u2018-12-27 _xTEOLOGIA _PP85 _0COMPRA _1FCOMPR2 _o.STAFF. Colección Teología _d30625 |
||
| 980 |
_81 _gALBERTO SANCHEZ Responsable de Automatización |
||